| 000 | 01128nmc a2200361 a 4500 | ||
|---|---|---|---|
| 003 | AR-BaBNM | ||
| 005 | 20251128204537.0 | ||
| 008 | 011101s1993 ||||||||||||||000 | spa|| | ||
| 020 | _a950-9467-36-7 | ||
| 040 | _cAR-BaBNM | ||
| 100 | 1 | _aRotstein de Gueller, Berta | |
| 245 | 1 | 0 |
_aLa lengua escrita en la escuela _bcapacitación docente, intervención pedagógica, proceso de construcción y apropiación en los niños |
| 250 | _a1ª ed. | ||
| 260 |
_aBuenos Aires _bMiño y Dávila _c1993 |
||
| 300 |
_a138 p. _bil. |
||
| 490 | 0 | _aPsicopedagogía y aprendizaje | |
| 500 | _aEPPEC: Escuela de Psicopedagogía Clínica | ||
| 504 | _aBibliografía: p. 133-137 | ||
| 650 | 4 | _aALFABETIZACION | |
| 650 | 4 | _aENSENANZA DE LA LECTURA | |
| 650 | 4 | _aPROCESO DE APRENDIZAJE | |
| 650 | 4 | _aMETODOS DE ENSENANZA | |
| 650 | 4 | _aTECNICAS DIDACTICAS | |
| 650 | 4 | _aTALLERES | |
| 653 | _aENSENANZA DE LA LENGUA | ||
| 653 | _aEDUCACION PRIMARIA | ||
| 700 | 1 | _aGrunfeld, Diana | |
| 700 | 1 | _aMosches de Kosiner, Mirta | |
| 800 | 1 | _aOrtiz, Susana | |
| 800 | 1 |
_aFranco, Irene _ecoordinador |
|
| 942 | _cBK | ||
| 998 | _csilvi | ||
| 999 |
_c7856 _d7856 |
||